Logo CIB grande

Protective Relays (Registro nro. 232623)

Detalles MARC
000 -LEADER
campo de control de longitud fija 00755nam a2200241Ia 4500
005 - FECHA Y HORA DE LA ÚLTIMA TRANSACCIÓN
campo de control 20250425162613.0
008 - DATOS DE LONGITUD FIJA--INFORMACIÓN GENERAL
campo de control de longitud fija 250425s9999 xx 000 0 und d
020 ## - NÚMERO INTERNACIONAL ESTÁNDAR DEL LIBRO
Número Internacional Estándar del Libro 412153807
041 ## - CÓDIGO DE IDIOMA
Código de lengua del texto/banda sonora o título independiente eng
082 ## - NÚMERO DE LA CLASIFICACIÓN DECIMAL DEWEY
Número de clasificación 621.317
Iniciales del Autor WAR
010 ## - NÚMERO DE CONTROL DE LA BIBLIOTECA DEL CONGRESO
Número de control de LC 89641
100 ## - ENTRADA PRINCIPAL--NOMBRE DE PERSONA
Nombre de persona Warrington, Albert Russell van Cortlant
245 #0 - MENCIÓN DEL TÍTULO
Título Protective Relays
Resto del título Their Theory and Practice
Mención de responsabilidad, etc. Albert Russell van Cortlant Warrington
250 ## - MENCION DE EDICION
Mención de edición Tercera ed.
260 ## - PUBLICACIÓN, DISTRIBUCIÓN, ETC.
Lugar de publicación, distribución, etc. Reino Unido, London
Nombre del editor, distribuidor, etc. Chapman and Hall
Fecha de publicación, distribución, etc. 1977
300 ## - DESCRIPCIÓN FÍSICA
Extensión 434 p.
Otras características físicas Ilustrado
Dimensiones 24 cm
500 ## - NOTA GENERAL
Nota general Incluye tabla de contenido, bibliografía, índice
650 ## - PUNTO DE ACCESO ADICIONAL DE MATERIA--TÉRMINO DE MATERIA
Término de materia o nombre geográfico como elemento de entrada Ingeniería de sistemas
650 ## - PUNTO DE ACCESO ADICIONAL DE MATERIA--TÉRMINO DE MATERIA
Término de materia o nombre geográfico como elemento de entrada Reles de protección
650 ## - PUNTO DE ACCESO ADICIONAL DE MATERIA--TÉRMINO DE MATERIA
Término de materia o nombre geográfico como elemento de entrada Semiconductores
902 ## - ELEMENTOS DE DATOS B LOCAL, LDB (RLIN)
a Monográfico
c Impreso
942 ## - ELEMENTOS DE ENTRADA SECUNDARIOS (KOHA)
Tipo de ítem Koha Libros
Existencias
Estatus retirado Estado de pérdida Estado de daño No para préstamo Biblioteca de origen Biblioteca actual Fecha de adquisición Coste, precio normal de compra Etiqueta RFID Total de préstamos Código de barras Copia número Tipo de ítem Koha
        CENTRO DE INFORMACIÓN BIBLIOTECARIA CENTRO DE INFORMACIÓN BIBLIOTECARIA 14/02/2014 354.00 0000000000000000037153   68177 1 Libros

Copyright 2025 ESPOL. Todos los derechos reservados.